| 000 | 00647nam a2200193Ia 4500 | ||
|---|---|---|---|
| 003 | IN-BaIIA | ||
| 008 | 211028s9999 xx 000 0 eng d | ||
| 040 | _cIIA Library | ||
| 080 |
_a084.4:524.31 _bARG |
||
| 100 |
_aArgelander, F. W. A _91081 |
||
| 245 | 0 |
_aAtlas des nordlichen gestirnten himmels fur den anfang des jahres 1855(in German) _cF. W. A. Argelander |
|
| 260 |
_aBonn, Berlin _bFerdinand Dummlers Verlag _c1966 |
||
| 300 | _a[various pagings.] | ||
| 490 | _aBonner Starkaten Zweite Serie | ||
| 650 |
_a Atlas-Stars _98499 |
||
| 650 |
_a Stars Atlas _98500 |
||
| 650 |
_aAstronomy and Astrophysics Thesaurus _91143 |
||
| 942 | _cBK | ||
| 999 |
_c4780 _d4780 |
||